Central Library OPAC University of Rajshahi

Grebby's Modern business training / (Record no. 14656)

MARC details
000 -LEADER
fixed length control field 00818nam a2200265u 4500
001 - CONTROL NUMBER
control field 14656
003 - CONTROL NUMBER IDENTIFIER
rucl marc code BD-RjUL
005 - DATE AND TIME OF LATEST TRANSACTION
control field 20211208235652.0
008 - FIXED-LENGTH DATA ELEMENTS--GENERAL INFORMATION
fixed length control field 140208s1967 enka 000 0 eng
035 ## - SYSTEM CONTROL NUMBER
System control number (BD-RjUL) 14709
040 ## - CATALOGING SOURCE
Original cataloging agency DLC
Transcribing agency CarP
Modifying agency BD-RjUL
Language of cataloging eng
041 ## - LANGUAGE CODE
Language code of text/sound track or separate title eng
082 ## - DEWEY DECIMAL CLASSIFICATION NUMBER
Edition number 19
Classification number 658
Author mark and year GRM 1967
100 1# - MAIN ENTRY--PERSONAL NAME
Personal name Grebby, John King. [from old catalog]
9 (RLIN) 45673
245 10 - TITLE STATEMENT
Title Grebby's Modern business training /
250 ## - EDITION STATEMENT
Edition statement 19th ed.
260 ## - PUBLICATION, DISTRIBUTION, ETC. (IMPRINT)
Place of publication, distribution, etc. London,
Name of publisher, distributor, etc. Macdonald & Evans,
Date of publication, distribution, etc. 1967.
300 ## - PHYSICAL DESCRIPTION
Pagination x, 318 p. :
Illustrations illus., tables, diagrs. ;
Size 20 cm.
650 #0 - SUBJECT ADDED ENTRY--TOPICAL TERM
Topical term or geographic name as entry element Commerce
General subdivision Handbooks, manuals, etc. [from old catalog]
9 (RLIN) 45674
700 1# - ADDED ENTRY--PERSONAL NAME
Personal name Warson, Ronald. [from old catalog]
942 ## - ADDED ENTRY ELEMENTS (KOHA)
Source of classification or shelving scheme Dewey Decimal Classification
Koha item type Books
Holdings
Lost status Source of classification or shelving scheme Damaged status Not for loan Collection code Permanent Location Current Location Shelving location Date acquired Source of acquisition Cost, normal purchase price Total Checkouts Full call number Date last seen Copy number Koha item type
  Dewey Decimal Classification   Not For Loan Non-fiction Central Library, University of Rajshahi Central Library, University of Rajshahi Reading Room 13/07/1973 Book View, Dacca 14.25   658 GRM 1967 08/02/2014 C-1 Books